Scrooge and the magic fish

Bibliographic Details
Main Author: Disney, Walt
Format: Book
Published: Toronto : Bantam Books , 1986
Series:Walt Disney fun-to-read library
Subjects:

MARC

LEADER 00000cam a2200000 7i4500
001 0000005705
002 000006167
005 20000330.0
020 |a 0553055895 
090 0 0 |a JR   |b DIS 
100 1 |a Disney, Walt 
245 1 0 |a Scrooge and the magic fish   |c Walt Disney 
260 |a Toronto :   |b Bantam Books ,   |c 1986 
300 |a p.v. :   |b ill. ;   |c 25cm. 
490 0 |a Walt Disney fun-to-read library 
650 0 0 |a Children's stories 
999 |a 022752   |b BUKU   |c JUNIOR REFERENCE   |e PERPUSTAKAAN KOMUNITI PETALING JAYA